Statistics for Modern Library's 100 Best Novels

Click here to take the quiz!

General Stats

  • This quiz has been taken 9,840 times
    (9,741 since last reset)
  • The average score is 21 of 100

Answer Stats

AuthorBook% Correct
George OrwellNineteen Eighty-Four
90%
F. Scott FitzgeraldThe Great Gatsby
88%
John SteinbeckThe Grapes of Wrath
74%
George OrwellAnimal Farm
73%
J. D. SalingerThe Catcher in the Rye
72%
James JoyceUlysses
70%
Vladimir NabokovLolita
66%
Aldous HuxleyBrave New World
64%
Joseph HellerCatch-22
60%
Jack KerouacOn the Road
57%
Joseph ConradHeart of Darkness
55%
William GoldingLord of the Flies
49%
Kurt VonnegutSlaughterhouse-Five
49%
Jack LondonThe Call of the Wild
40%
Anthony BurgessA Clockwork Orange
34%
Ernest HemingwayA Farewell to Arms
34%
Virginia WoolfTo the Lighthouse
33%
James JoyceA Portrait of the Artist
as a Young Man
32%
William FaulknerThe Sound and the Fury
32%
Ernest HemingwayThe Sun Also Rises
31%
D. H. LawrenceSons and Lovers
28%
James JoyceFinnegans Wake
27%
Ralph EllisonInvisible Man
27%
William FaulknerAs I Lay Dying
26%
E. M. ForsterA Passage to India
25%
Rudyard KiplingKim
25%
Evelyn WaughBrideshead Revisited
24%
Salman RushdieMidnight's Children
24%
E. M. ForsterA Room with a View
23%
Dashiell HammettThe Maltese Falcon
20%
Henry MillerTropic of Cancer
19%
Joseph ConradLord Jim
18%
F. Scott FitzgeraldTender is the Night
18%
Robert GravesI, Claudius
17%
Philip RothPortnoy's Complaint
17%
Edith WhartonThe Age of Innocence
17%
E. M. ForsterHowards End
16%
D. H. LawrenceWomen in Love
16%
Vladimir NabokovPale Fire
15%
Carson McCullersThe Heart
is a Lonely Hunter
15%
Richard WrightNative Son
14%
D. H. LawrenceThe Rainbow
14%
Robert Penn WarrenAll The King's Men
13%
Joseph ConradNostromo
13%
Henry JamesThe Ambassadors
13%
Norman MailerThe Naked and the Dead
13%
Theodore DreiserAn American Tragedy
12%
William FaulknerLight in August
12%
W. Somerset MaughamOf Human Bondage
12%
E. L. DoctorowRagtime
12%
Theodore DreiserSister Carrie
12%
William StyronSophie's Choice
12%
Muriel SparkThe Prime of Miss Jean Brodie
12%
Jean RhysWide Sargasso Sea
12%
Arthur KoestlerDarkness at Noon
11%
James BaldwinGo Tell It on the Mountain
11%
Evelyn WaughScoop
11%
Edith WhartonThe House of Mirth
11%
Malcolm LowryUnder the Volcano
11%
John Dos PassosU.S.A. Trilogy
11%
Willa CatherDeath Comes
for the Archbishop
10%
Sinclair LewisMain Street
10%
Henry JamesThe Golden Bowl
10%
Ford Madox FordThe Good Soldier
10%
Joseph ConradThe Secret Agent
10%
Henry JamesThe Wings of the Dove
10%
V. S. NaipaulA Bend in the River
9%
V. S. NaipaulA House For Mr. Biswas
9%
James DickeyDeliverance
9%
John FowlesThe Magus
9%
Evelyn WaughA Handful of Dust
8%
James JonesFrom Here to Eternity
8%
Ford Madox FordParade's End
8%
Saul BellowThe Adventures of
Augie March
8%
Nathanael WestThe Day of the Locust
8%
Graham GreeneThe Heart of the Matter
8%
Booth TarkingtonThe Magnificent Ambersons
8%
James M. CainThe Postman Always
Rings Twice
8%
Samuel ButlerThe Way of all Flesh
8%
Sherwood AndersonWinesburg, Ohio
8%
Saul BellowHenderson the Rain King
7%
William KennedyIronweed
7%
Aldous HuxleyPoint Counter Point
7%
Thornton WilderThe Bridge
of San Luis Rey
7%
Walker PercyThe Moviegoer
7%
Paul BowlesThe Sheltering Sky
7%
Erskine CaldwellTobacco Road
7%
Wallace StegnerAngle of Repose
6%
John O'HaraAppointment In Samarra
6%
Henry GreenLoving
6%
Lawrence DurrellThe Alexandria Quartet
6%
J. P. DonleavyThe Ginger Man
6%
Iris MurdochUnder the Net
6%
Max BeerbohmZuleika Dobson
6%
Richard HughesA High Wind In Jamaica
5%
James T. FarrellStuds Lonigan
5%
Elizabeth BowenThe Death of the Heart
5%
Arnold BennettThe Old Wives' Tale
5%
John CheeverThe Wapshot Chronicle
5%
Anthony PowellA Question of Upbringing
4%

Score Distribution

Percentile by Number Answered

Percent of People with Each Score

Your Score History

You have not taken this quiz since the last reset